000 00630nam a2200229Ia 4500
003 OSt
005 20220928103827.0
006 a|||||r|||| 00| 0
007 ta
008 220927b |||||||| |||| 00| 0 eng d
024 _a62444
037 _cTextual
040 _aSDCL
_cSDCL
_beng
041 _2eng
_aeng
082 _aNA3,M, L8
100 _aTaylor Jeremy
_9407162
245 0 _aArchitectural medal
_b England in the nineteenth century
260 _aLondon
_bBritish Museum Publications
_c1978
300 _a244p
_ccm.
942 _hNA3,M, L8
_cTEXL
_2CC
999 _c722696
_d722696